Animal Habitats by Country - Statistics

General Stats
  • This quiz has been taken 18 times
    11 since last reset
  • The average score is 20 of 25
Answer Stats
Hint Answer % Correct
Penguin Angola | Argentina | Australia | Chile | Colombia | Ecuador | Namibia | New Zealand | Peru | South Africa | United Kingdom (Falkland Islands & Overseas Territories)
100%
Toucan Argentina | Bolivia | Brazil | France (French Guiana) | Guyana | Paraguay | Suriname | Uruguay
100%
Gorilla Cameroon | Democratic Republic of the Congo | Equatorial Guinea | Gabon | Nigeria| Republic of the Congo | Rwanda | Uganda
100%
Polar Bear Canada | Denmark (Greenland) | Norway | Russia | United States of America
100%
Prairie Dog Canada | Mexico | United States of America
100%
Giant Panda China
100%
Kiwi New Zealand
100%
Snow Leopard Afghanistan | Bhutan | China | India | Kazakhstan | Kyrgyzstan | Mongolia | Myanmar | Nepal | Pakistan | Russia | Tajikistan | Uzbekistan
90%
Platypus Australia
90%
Puffin Canada | Denmark (Greenland & Faroe Islands) | France | Iceland | Ireland | Norway | Russia | United Kingdom | United States of America
90%
Komodo Dragon Indonesia
90%
Orangutan Indonesia | Malaysia
90%
Meerkat Angola | Botswana | Lesotho | Namibia | South Africa
80%
Capybara Argentina | Bolivia | Brazil | Colombia | Ecuador | France (French Guiana) | Guyana | Panama | Paraguay | Suriname | Uruguay | Venezuela
80%
Lemur Comoros | France (Mayotte) | Madagascar
80%
Giant Tortoise Ecuador | Seychelles
80%
Fennec Fox Algeria | Chad | Egypt | Libya | Mali | Mauritania | Morocco | Niger | Senegal | Sudan | Tunisia
70%
Cassowary Australia | Indonesia | Papua New Guinea
70%
Bonobo Democratic Republic of the Congo
70%
Gila Monster Mexico | United States of America
60%
Tanuki Japan
50%
Snow Monkey Japan
50%
Axolotl Mexico
50%
Leopard Gecko Afghanistan | India | Iran | Iraq | Nepal | Pakistan
40%
Naked Mole-Rat Ethiopia | Kenya | Somalia
40%
No matching quizzes found
Score Distribution
Percent of People with Each Score
Percentile by Number Answered
Your Score History
You have not taken this quiz since the last reset